Toutes les gares ferroviaires du Rhône - Statistiques

Statistiques générales
  • Ce quiz a été pris 24 fois
  • Le résultat moyen est 21 sur 60
Statistiques - réponses
Fréquentation annuelle Nom de la gare % Correct
42 434 779 Lyon Part Dieu
100%
7 871 334 Lyon Perrache
100%
2 829 718 Villefranche-sur-Saône
89%
222 965 Vénissieux
83%
992 977 Givors
72%
1 060 659 Lyon Vaise
72%
202 607 Oullins
72%
640 592 Tarare
72%
1 817 787 Lyon Jean Macé
67%
251 175 Saint-Priest
67%
743 207 Lyon Gorge de Loup
61%
156 636 Saint-Fons
61%
1 163 395 Belleville sur Saône
56%
784 469 L'Arbresle
56%
413 209 Lozanne
56%
527 369 Anse
50%
154 973 Feyzin
50%
90 604 Francheville
50%
1 636 218 Lyon Saint-Paul
50%
556 567 Saint-Germain-au-Mont-d'Or
50%
279 457 Tassin
50%
2 251 500 Lyon Saint-Exupéry TGV
44%
188 042 Sain-Bel
44%
304 911 Brignais
39%
57 700 Pierre-Bénite
39%
402 091 Albigny - Neuville
33%
276 113 Charbonnières-les-Bains
33%
125 763 Collonges - Fontaines
33%
79 132 Couzon-au-Mont-d'Or
33%
356 066 Amplepuis
28%
24 956 Casino Lacroix Laval
28%
150 879 Fleurieux-sur-l'Arbresle
28%
106 952 Givors Canal
28%
180 491 La Tour-de-Salvagny
28%
104 030 Quincieux
28%
349 848 Sathonay - Rillieux
28%
51 699 Alaï
22%
47 798 Crépieux la Pape
22%
130 830 Le Méridien La Ferrière
22%
305 289 Lentilly
22%
92 700 Chaponost
17%
27 296 Dardilly Le Jubin
17%
26 429 Dardilly Les Mouilles
17%
240 929 Ecully - Tassin
17%
342 839 Sérézin-du-Rhône
17%
4 531 Civrieux-d'Azergues
11%
29 406 Lamure-sur-Azergues
11%
1 857 Les Flachères
11%
101 168 Vernaison
11%
15 905 Chamelet
6%
19 195 Chazay - Marcilly
6%
27 627 Chessy
6%
9 728 Dommartin - Lissieu
6%
129 010 Grigny le Sablon
6%
253 447 Lentilly Charpenay
6%
80 440 Saint-Georges-de-Reneins
6%
37 226 Bois-d'Oingt - Légny
0%
57 800 Irigny Yvours
0%
20 393 Pontcharra - Saint-Forgeux
0%
21 589 Saint-Romain-de-Popey
0%
Aucun quiz correspondant
Distribution des résultats
% des personnes avec chaque résultat
Percentile par nombre de réponses
Votre historique - résultats
Vous n’avez pas pris ce quiz